000 00719nam a22001817i 4500
999 _c23179
_d23179
003 AR-CdUCM
008 250122b20242024 pe||||| |||| 00| 0 spa d
040 _aMUNICIPALIDAD PROVINCIAL DEL CUSCO
_cBIBLIOTECA MUNICIPAL DEL CUSCO
041 _hspa
082 _a985.613 / M95Q'
_bM95Q'
100 _aMunicipalidad Distrital de Ollantaytambo
_950939
245 _aQ'ello Raqay :
_bEdición Sesquicentenario (CL) de la Creación Política del Distrito de Ollantaytambo 150 Años /
260 _aOllantaytambo-Cusco :
_bMunicipalidad Distrital de Ollantaytambo
_c2024
300 _a72 páginas. :
_c18x24 cm.
505 _aProceso constructivo -- Función -- Alrededores
942 _2ddc
_cLIBROS
945 _apbjr
_d22-01-2025